000 00349nam a2200133Ia 4500
008 151001s9999||||xx |||||||||||||| ||und||
100 _aउषा यादव
245 _aअमावस कि रात
250 _a1
260 _bकिताबघर प्रकाशन
260 _c2007
300 _a270
365 _b21
999 _c994366
_d994363